000 00726nam a2200217 a 4500
001 000016562
005 20200929164929.0
008 100308s1993 dr a 001 0 spa d
040 _aDO-SdBNP
_bspa
_cBNPHU
082 _a615.7
_bE79m
100 1 _aEstévez Medina, Arcenio
_931277
245 1 0 _aMedicamentos que no debes usar /
_cArcenio Estevéz Medina; prólogo Nahum Comprés.
260 _aSanto Domingo :
_bServicios Gráficos Oriental,
_c1993.
300 _a146 p. :
_bil. ;
_c21 cm.
500 _aIncluye índice alfabetico
504 _aIncluye bibliografías [p. 131-137]
650 4 _aAbusos de medicamentos
_936819
650 4 _aFarmacologia
_96326
700 1 _aComprés, Nahum
_epról.
_936820
049 _aBNPD
999 _c16095
_d16095